[Event "SRB-chT Premier"]
[Site "Ruma"]
[Date "2020.09.30"]
[Round "8.6"]
[White "Brankovic, Vladislav"]
[Black "Radovanovic, Mihajlo"]
[Result "0-1"]
[WhiteElo "2145"]
[BlackElo "2457"]
[PlyCount "50"]
[EventDate "2020.09.25"]
[EventType "team-tourn"]
[EventRounds "11"]
[EventCountry "SRB"]
[SourceTitle "CBM 198 Extra"]
[Source "ChessBase"]
[SourceDate "2020.11.30"]
[SourceVersion "1"]
[SourceVersionDate "2020.11.30"]
[SourceQuality "1"]
[WhiteTeam "Belgrade Partizan"]
[BlackTeam "Goracici Jelica"]
[WhiteTeamCountry "SRB"]
[BlackTeamCountry "SRB"]

1. e4 c5 2. Nf3 d6 3. Bb5+ Nd7 4. 0-0 a6 5. Bxd7+ Bxd7 6. c3 Nf6 7. Re1 Bc6 8. Qc2 Rc8 9. d4 cxd4 10. Nxd4 Bd7 11. h3 e5 12. Nf3 Be7 13. b3 0-0 14. a4 d5 15. exd5 e4 16. Nd4 Qa5 17. Bg5 Qc5 18. Ra2 Rfe8 19. Bxf6 Bxf6 20. Rxe4 Rxe4 21. Qxe4 Re8 22. Qd3 Re1+ 23. Kh2 Be5+ 24. g3 Qxd5 25. Qf3 Bc6 0-1

[Event "Moscow Aeroflot op-A"]
[Site "Moscow"]
[Date "2020.02.27"]
[Round "9"]
[White "Zanan, Evgeny"]
[Black "Radovanovic, Mihajlo"]
[Result "1-0"]
[WhiteElo "2500"]
[BlackElo "2458"]
[PlyCount "59"]
[EventDate "2020.02.19"]
[EventType "swiss"]
[EventRounds "9"]
[EventCountry "RUS"]
[SourceTitle "CBM 195"]
[Source "ChessBase"]
[SourceDate "2020.04.30"]
[SourceVersion "1"]
[SourceVersionDate "2020.04.30"]
[SourceQuality "1"]

1. d4 Nf6 2. c4 d6 3. Nc3 e5 4. g3 exd4 5. Qxd4 Nc6 6. Qd2 Be6 7. e4 g6 8. b3 Bg7 9. Bg2 a5 10. Bb2 a4 11. Nxa4 Bxc4 12. Ne2 0-0 13. 0-0 Re8 14. Nac3 Ba6 15. Rfd1 Ne5 16. Qc2 c6 17. h3 d5 18. exd5 cxd5 19. Nxd5 Rc8 20. Nec3 Nxd5 21. Rxd5 Qf6 22. Qd1 h5 23. Na4 b5 24. Nc5 h4 25. Nd3 hxg3 26. Rxe5 gxf2+ 27. Kh1 Rxe5 28. Bxe5 Qf5 29. Bxg7 Bb7 30. Nxf2 1-0

[Event "Moscow Aeroflot op-A"]
[Site "Moscow"]
[Date "2020.02.26"]
[Round "8"]
[White "Radovanovic, Mihajlo"]
[Black "Sivuk, Vitaly"]
[Result "1/2-1/2"]
[WhiteElo "2458"]
[BlackElo "2557"]
[PlyCount "51"]
[EventDate "2020.02.19"]
[EventType "swiss"]
[EventRounds "9"]
[EventCountry "RUS"]
[SourceTitle "CBM 195"]
[Source "ChessBase"]
[SourceDate "2020.04.30"]
[SourceVersion "1"]
[SourceVersionDate "2020.04.30"]
[SourceQuality "1"]

1. d4 d5 2. c4 e6 3. Nf3 Nf6 4. Nc3 c5 5. cxd5 exd5 6. g3 Nc6 7. Bg2 cxd4 8. Nxd4 Bc5 9. Nb3 Bb6 10. 0-0 d4 11. Na4 0-0 12. Bxc6 bxc6 13. Nxb6 axb6 14. Qxd4 c5 15. Qc3 Bb7 16. f3 Nd5 17. Qd2 f5 18. a3 Qe8 19. Qc2 Qa4 20. Bd2 Rae8 21. Rae1 f4 22. Rf2 Rf6 23. Na1 Qd4 24. Nb3 Qa4 25. Na1 Qd4 26. Nb3 1/2-1/2

[Event "Moscow Aeroflot op-A"]
[Site "Moscow"]
[Date "2020.02.23"]
[Round "5"]
[White "Radovanovic, Mihajlo"]
[Black "Frolyanov, Dmitry"]
[Result "0-1"]
[WhiteElo "2458"]
[BlackElo "2556"]
[PlyCount "94"]
[EventDate "2020.02.19"]
[EventType "swiss"]
[EventRounds "9"]
[EventCountry "RUS"]
[SourceTitle "CBM 195"]
[Source "ChessBase"]
[SourceDate "2020.04.30"]
[SourceVersion "1"]
[SourceVersionDate "2020.04.30"]
[SourceQuality "1"]

1. Nf3 d5 2. c4 e6 3. g3 dxc4 4. Qa4+ Nd7 5. Qxc4 a6 6. Bg2 b5 7. Qc2 Bb7 8. 0-0 Ngf6 9. a4 c5 10. d3 Be7 11. Nc3 Qb6 12. Qb3 b4 13. Nb1 a5 14. Nbd2 0-0 15. Nc4 Qa6 16. e4 Nb6 17. Nfe5 Nxc4 18. Nxc4 Nd7 19. Be3 Rac8 20. Rac1 Rfd8 21. Bh3 Bf6 22. f4 Bd4 23. Bxd4 cxd4 24. f5 Nc5 25. Qd1 Nxe4 26. fxe6 fxe6 27. dxe4 Rxc4 28. Rxc4 Qxc4 29. Qf3 Qc8 30. Qf7+ Kh8 31. Bxe6 Qa8 32. Bf5 Bc8 33. Rc1 Bxf5 34. Rc7 Rg8 35. Qxf5 d3 36. Rd7 Qc8 37. Rxd3 Qc1+ 38. Qf1 Qxb2 39. Rd5 Qc2 40. Qd3 Qxa4 41. Qd4 Qa2 42. Rd7 Qb1+ 43. Kg2 h6 44. Rb7 Qc2+ 45. Kg1 b3 46. h4 a4 47. Qxa4 Rd8 0-1

[Event "Moscow Aeroflot op-A"]
[Site "Moscow"]
[Date "2020.02.19"]
[Round "1"]
[White "Karthikeyan, Murali"]
[Black "Radovanovic, Mihajlo"]
[Result "1-0"]
[WhiteElo "2602"]
[BlackElo "2458"]
[PlyCount "143"]
[EventDate "2020.02.19"]
[EventType "swiss"]
[EventRounds "9"]
[EventCountry "RUS"]
[SourceTitle "CBM 195"]
[Source "ChessBase"]
[SourceDate "2020.04.30"]
[SourceVersion "1"]
[SourceVersionDate "2020.04.30"]
[SourceQuality "1"]

1. e4 c5 2. Nf3 d6 3. d4 cxd4 4. Nxd4 Nf6 5. Nc3 g6 6. Be3 Bg7 7. f3 0-0 8. Qd2 Nc6 9. 0-0-0 d5 10. Qe1 e5 11. Nxc6 bxc6 12. exd5 Nxd5 13. Bc4 Be6 14. Ne4 Qc7 15. Bc5 Rfd8 16. h4 Nf4 17. Qc3 Rxd1+ 18. Rxd1 Rd8 19. g3 Bxc4 20. Qxc4 Rxd1+ 21. Kxd1 Qd7+ 22. Ke1 Ne6 23. Qb4 f5 24. Qb8+ Qd8 25. Qxd8+ Nxd8 26. Nf2 a6 27. Bb6 Ne6 28. c3 Bf8 29. Nd3 Bd6 30. Kf2 Kf7 31. b4 h5 32. a4 Kf6 33. Nb2 Bc7 34. Nc4 Bxb6+ 35. Nxb6 Nc7 36. Nd7+ Ke6 37. Nf8+ Kf7 38. Nd7 Ke6 39. Nc5+ Kd5 40. Ke2 Kd6 41. c4 Ke7 42. Ke3 Kd6 43. Ke2 Ke7 44. Kf2 Kd6 45. g4 Ke7 46. g5 Kd6 47. Ke3 Ke7 48. Nd3 Kd6 49. f4 e4 50. Ne5 c5 51. b5 axb5 52. axb5 Na8 53. Nxg6 Nb6 54. Ne5 Ke6 55. Kd2 Ke7 56. Nc6+ Ke6 57. Na5 Ke7 58. Kc3 Na4+ 59. Kb3 Nb6 60. Nb7 Nd7 61. Kc3 Ke6 62. Na5 Kd6 63. Nb3 Nf8 64. b6 Kc6 65. Nxc5 Kxb6 66. Kd4 Ng6 67. Nxe4 Nxh4 68. Ng3 Nf3+ 69. Kd5 h4 70. Nh1 h3 71. g6 Nh2 72. Nf2 1-0

[Event "Montebelluna Elite op"]
[Site "Montebelluna"]
[Date "2020.01.05"]
[Round "8"]
[White "Radovanovic, Mihajlo"]
[Black "Martinez Alcantara, Jose Eduardo"]
[Result "0-1"]
[WhiteElo "2485"]
[BlackElo "2606"]
[PlyCount "74"]
[EventDate "2020.01.02"]
[EventType "swiss"]
[EventRounds "9"]
[EventCountry "ITA"]
[SourceTitle "CBM 194 Extra"]
[Source "ChessBase"]
[SourceDate "2020.03.31"]
[SourceVersion "1"]
[SourceVersionDate "2020.03.31"]
[SourceQuality "1"]

1. g3 c5 2. Bg2 Nc6 3. d3 g6 4. e4 Bg7 5. f4 e6 6. Nf3 Nge7 7. 0-0 0-0 8. c3 d6 9. Be3 b6 10. d4 Ba6 11. Re1 Rc8 12. Qd2 cxd4 13. cxd4 Na5 14. b3 Bb7 15. Bf2 e5 16. Na3 exf4 17. Qxf4 f5 18. Ng5 Qd7 19. exf5 Bxg2 20. Kxg2 Rxf5 21. Qh4 h6 22. Ne6 Nd5 23. Nxg7 Kxg7 24. Qe4 Rcf8 25. Bg1 R8f7 26. Kh1 Nf6 27. Qg2 d5 28. Nc2 Ne4 29. Ne3 Rf2 30. Bxf2 Rxf2 31. Qg1 Qf7 32. Rf1 Qf3+ 33. Ng2 Nc6 34. Rfd1 Rc2 35. Qf1 Nf2+ 36. Kg1 Nh3+ 37. Kh1 Rf2 0-1